000 00786nab a22002417a 4500
001 09780
003 HDC
007 cr bn ---aaaaa
008 210128c20100830my ||||| |||| 00| 00eng d
040 _aHDC
100 _aDalila Abu Bakar,
_eauthor
_910006
245 0 _aKontena aims to become regional logistics player /
_cDalila Abu Bakar
336 _atext
_2rdacontent
337 _acomputer
_2rdamedia
338 _aonline resource
_2rdacarrier
650 _aHalal food industry
_9128
650 _aLogistics
_9782
710 _aMalaysia Reserve
856 _zRequest full-text at [email protected]
942 _2lcc
942 _cNEWS
942 _kNWSC 004054
999 _c7103
_d7103